Wheat: chemistry and technology
Spremljeno u:
| Glavni autor: | |
|---|---|
| Format: | Knjiga |
| Jezik: | engleski |
| Izdano: |
Saint Paul
I Hlynka
1964
|
| Teme: | |
| Oznake: |
Dodaj oznaku
Bez oznaka, Budi prvi tko označuje ovaj zapis!
|
MARC
| LEADER | 00000nam a2200000 a 4500 | ||
|---|---|---|---|
| 001 | UCS9500 | ||
| 003 | CL-VaPUC | ||
| 008 | 971121e19640000us |||||||||||||||||eng|d | ||
| 082 | 0 | 4 | |a 547.78 |b HLY |2 21 |
| 100 | 0 | |a Hlynka, I |e author |9 394643 | |
| 245 | 1 | 0 | |a Wheat: chemistry and technology |
| 300 | |a v | ||
| 942 | |c BK | ||
| 945 | |d 19971121 00:00:00 |a jquezada | ||
| 260 | |a Saint Paul |b I Hlynka |c 1964 | ||
| 650 | 7 | |a CARBOHIDRATOS |2 CL-VaPUC |9 306793 | |
| 650 | 0 | |a Polisacáridos |9 262996 | |
| 650 | 0 | |a Tecnología |9 256742 | |
| 650 | 0 | |a Lípidos |9 306890 | |
| 650 | 0 | |a Biotecnología |9 259561 | |
| 583 | |a last modification |c 20171017 03:28:35 |k Rodrigo Vera | ||
| 999 | |c 263297 |d 263295 | ||